000 007250000a22002530004500
500 _aBibliography at the end
650 _aAccounting
650 _aFinancial statements
650 _aBusiness organization
650 _aPublic enterprises
650 _aNon-governmental organizations
651 _aNepal
082 _a657.9
_bR46b
_cD
518 _a980419
530 _aDis
100 _aRimal, Bhoj Bahadur
245 _aBehaviour of accounts receivable in government and non government manufacturing enterprises of Nepal
260 _aKathmandu, Nepal
502 _aDissertation
_bDegree in Management, Tribhuvan University
260 _c1997
041 _aEng
300 _av,78p.
_billus
942 _cGEN
999 _c13831
_d13831